| 000 | 00495nam a2200205Ia 4500 | ||
|---|---|---|---|
| 003 | OSt | ||
| 005 | 20231011113733.0 | ||
| 008 | 210210b1969 xxu||||| |||| 00| 0 eng d | ||
| 040 | _cAL | ||
| 041 | _aEnglish | ||
| 082 | _a951.03 CHAM | ||
| 100 |
_aCHATTERJI (B R). _9137385 |
||
| 245 | _aModern china a short history. | ||
| 260 |
_aMeerut _bMeenakshi prakashan _c1969 |
||
| 300 | _a188 | ||
| 650 |
_aChina _9137386 |
||
| 690 |
_aAsian History _9137387 |
||
| 906 | _a032564 | ||
| 942 |
_2ddc _cBK |
||
| 999 |
_c83457 _d83457 |
||